000 00494nam a2200157 i 4500
001 72509
003 ES-MaACL
007 t|
008 040901s1948 sp ||||1| spa d
100 1 _aGladman, George.
_957385
245 1 3 _aEl masaje en el deporte
_b: higiene del deportista /
_cGeorge Gladman.
250 _a2ª ed.
260 _aBarcelona :
_bSintes,
_c[1948] (
_ePalma de Mallorca :
_fFernando Soler)
300 _a222 p., 1 lám. :
_bil. ;
_c18 cm.
852 _aES-MaACL
_jE-533
_bR.26342
999 _c72509
_d72509